Eastern Utah Libraries Catalog: Duchesne, Heber, Roosevelt, & Vernal

Dr. Floss Is the Boss! / (Record no. 358002)

MARC details
000 -LEADER
fixed length control field 01802cam a22004214i 4500
001 - CONTROL NUMBER
control field FLCin502535128
003 - CONTROL NUMBER IDENTIFIER
control field CoBoFLC
005 - DATE AND TIME OF LATEST TRANSACTION
control field 20210128150614.0
008 - FIXED-LENGTH DATA ELEMENTS--GENERAL INFORMATION
fixed length control field 190607s2019 nyua j 000 1 eng
020 ## - INTERNATIONAL STANDARD BOOK NUMBER
International Standard Book Number 9780062691071
Qualifying information (pbk. bdg.)
020 ## - INTERNATIONAL STANDARD BOOK NUMBER
International Standard Book Number 0062691074
Qualifying information (pbk. bdg.)
020 ## - INTERNATIONAL STANDARD BOOK NUMBER
International Standard Book Number 9780062691088
Qualifying information (library bdg.)
040 ## - CATALOGING SOURCE
Original cataloging agency CoBoFLC
Language of cataloging eng
Description conventions rda
Modifying agency CoBoFLC
082 04 - DEWEY DECIMAL CLASSIFICATION NUMBER
Classification number [FIC]
Edition number 23
092 ## - LOCALLY ASSIGNED DEWEY CALL NUMBER (OCLC)
Classification number junior fiction
Item number Gutman
100 1# - MAIN ENTRY--PERSONAL NAME
Personal name Gutman, Dan ,
Relator term author.
9 (RLIN) 23206
245 10 - TITLE STATEMENT
Title Dr. Floss Is the Boss! /
Statement of responsibility, etc Dan Gutman ; pictures by Jim Paillot.
246 3# - VARYING FORM OF TITLE
Title proper/short title Doctor Floss is the boss.
264 #1 - Production, Publication, Distribution, Manufacture, and Copyright Notice.
Place of production, publication, distribution, manufacture New York, New York :
Name of producer, publisher, distributor, manufacturer HarperCollins
Date of production, publication, distribution, manufacture, or copyr 2019.
300 ## - PHYSICAL DESCRIPTION
Extent 104 pages :
Other physical details illustrations ;
Dimensions 20 cm.
336 ## - Content Type
Content type term text
337 ## - Media type
Media type term unmediated
338 ## - Carrier type
Carrier type term volume
490 0# - SERIES STATEMENT
Series statement My weirder-est school ;
Volume number/sequential designation 3.
520 ## - SUMMARY, ETC.
Summary, etc Grab your toothbrushes! It's National Dessert Day, and Ella Mentry School has brought in local dentist Dr. Floss to teach A.J. and his friends about the dental dangers of sweets. But Dr. Floss has other plans. She wants the kids to eat as many sweets as possible so that they'll need a dentist! Is someone getting a cavity?
650 #0 - SUBJECT ADDED ENTRY--TOPICAL TERM
Topical term or geographic name as entry element Teeth
Form subdivision Juvenile fiction.
9 (RLIN) 5705853
650 #0 - SUBJECT ADDED ENTRY--TOPICAL TERM
Topical term or geographic name as entry element Dental hygiene
Form subdivision Juvenile fiction.
9 (RLIN) 6401350
650 #0 - SUBJECT ADDED ENTRY--TOPICAL TERM
Topical term or geographic name as entry element Dentists
Form subdivision Juvenile fiction.
9 (RLIN) 5679223
650 #0 - SUBJECT ADDED ENTRY--TOPICAL TERM
Topical term or geographic name as entry element Humorous stories
Form subdivision Juvenile fiction.
9 (RLIN) 5689386
650 #1 - SUBJECT ADDED ENTRY--TOPICAL TERM
Topical term or geographic name as entry element Teeth
Form subdivision Fiction.
9 (RLIN) 6401351
650 #1 - SUBJECT ADDED ENTRY--TOPICAL TERM
Topical term or geographic name as entry element Dental hygiene
Form subdivision Fiction.
9 (RLIN) 6401352
650 #1 - SUBJECT ADDED ENTRY--TOPICAL TERM
Topical term or geographic name as entry element Dentists
Form subdivision Fiction.
9 (RLIN) 5679220
650 #1 - SUBJECT ADDED ENTRY--TOPICAL TERM
Topical term or geographic name as entry element Humorous stories
Form subdivision Fiction.
9 (RLIN) 5718185
700 1# - ADDED ENTRY--PERSONAL NAME
Personal name Paillot, Jim,
Relator term illustrator.
9 (RLIN) 49614
800 1# - SERIES ADDED ENTRY--PERSONAL NAME
Personal name Gutman, Dan.
Title of a work My weirder-est school ;
Volume/sequential designation 3
9 (RLIN) 6401353
907 ## - LOCAL DATA ELEMENT G, LDG (RLIN)
a .b418104815
942 ## - ADDED ENTRY ELEMENTS (KOHA)
Source of classification or shelving scheme Dewey Decimal Classification
Koha item type BOOK
Holdings
Withdrawn status Lost status Source of classification or shelving scheme Damaged status Not for loan Collection code Home library Current library Shelving location Date acquired Source of acquisition Total Checkouts Total Renewals Full call number Barcode Date last seen Date checked out Cost, replacement price Price effective from Koha item type
    Dewey Decimal Classification     Junior Fiction Wasatch County Library Wasatch County Library Main Floor Junior Area 01/28/2021 Penworthy 13 8 J Gutman 34301001668229 08/11/2025 07/14/2025 15.49 01/28/2021 BOOK
This project was made possible through a grant from the Institute of Museum and Library Service administered by the Utah State Library Division.

Wasatch County Library

  • 465 East 1200 South, Heber City, Utah 84032
  • Phone 435-654-1511 | Fax 435-654-6456

Hours

  • Monday - Friday 9:30 AM - 8:00 PM
  • Saturday 9:30 AM - 1:30 PM
  • Closed Sundays and Holidays